5HLuxD.jpg

KING HENRY VIII SENIOR AND PRIMARY SCHOOL LIBRARY OPAC

Go set a watchman / (Record no. 1113)

000 -LEADER
fixed length control field 01503cam a2200385 i 4500
001 - CONTROL NUMBER
control field vtls001734577
003 - CONTROL NUMBER IDENTIFIER
control field VRT
005 - DATE AND TIME OF LATEST TRANSACTION
control field 20211008102401.0
008 - FIXED-LENGTH DATA ELEMENTS--GENERAL INFORMATION
fixed length control field 160510t20152015enk 000 1 eng
020 ## - INTERNATIONAL STANDARD BOOK NUMBER
International Standard Book Number 9781785150289
035 ## - SYSTEM CONTROL NUMBER
System control number (OCoLC)ocn913815255
040 ## - CATALOGING SOURCE
Original cataloging agency AUGEN
Language of cataloging eng
Description conventions rda
Transcribing agency AUGEN
Modifying agency OCLCO
-- WAU
-- OCLCO
-- EQO
-- AUAMR
-- NLGGC
-- OI@
-- OCLCO
-- OCLCA
-- UX0
-- OCLCQ
-- OCLCO
-- OCLCF
-- OCLCO
-- OCLCQ
-- OCLCO
-- TKU
042 ## - AUTHENTICATION CODE
Authentication code nbic
082 ## - DEWEY DECIMAL CLASSIFICATION NUMBER
Classification number FIC LEE
100 1# - MAIN ENTRY--PERSONAL NAME
Personal name Lee, Harper,
Relator term author.
245 10 - TITLE STATEMENT
Title Go set a watchman /
Statement of responsibility, etc. Harper Lee.
260 ## - PUBLICATION, DISTRIBUTION, ETC.
Date of publication, distribution, etc. [2015]
264 #1 - PRODUCTION, PUBLICATION, DISTRIBUTION, MANUFACTURE, AND COPYRIGHT NOTICE
Place of production, publication, distribution, manufacture London :
Name of producer, publisher, distributor, manufacturer William Heinemann,
Date of production, publication, distribution, manufacture, or copyright notice [2015]
264 #4 - PRODUCTION, PUBLICATION, DISTRIBUTION, MANUFACTURE, AND COPYRIGHT NOTICE
Date of production, publication, distribution, manufacture, or copyright notice ©2015.
300 ## - PHYSICAL DESCRIPTION
Extent 278 pages ;
Dimensions 25 cm.
336 ## - CONTENT TYPE
Content type term text
Content type code txt
Source rdacontent.
337 ## - MEDIA TYPE
Media type term unmediated
Media type code n
Source rdamedia.
338 ## - CARRIER TYPE
Carrier type term volume
Carrier type code nc
Source rdacarrier.
520 ## - SUMMARY, ETC.
Summary, etc. Go set a watchman is set during the mid-1950s & features many of the characters from To kill a mockingbird some twenty years later. Scout has returned to Maycomb from New York to visit her father Atticus and is forced to grapple with issues both personal and political.
600 10 - SUBJECT ADDED ENTRY--PERSONAL NAME
Personal name Finch, Scout
Titles and other words associated with a name (Fictitious character)
Form subdivision Fiction.
600 10 - SUBJECT ADDED ENTRY--PERSONAL NAME
Personal name Finch, Atticus
Titles and other words associated with a name (Fictitious character)
Form subdivision Fiction.
650 #0 - SUBJECT ADDED ENTRY--TOPICAL TERM
Topical term or geographic name entry element Homecoming
Form subdivision Fiction.
650 #0 - SUBJECT ADDED ENTRY--TOPICAL TERM
Topical term or geographic name entry element Fathers and daughters
Form subdivision Fiction.
650 #0 - SUBJECT ADDED ENTRY--TOPICAL TERM
Topical term or geographic name entry element Nineteen fifties
Form subdivision Fiction.
650 #0 - SUBJECT ADDED ENTRY--TOPICAL TERM
Topical term or geographic name entry element Social change
Form subdivision Fiction.
650 #0 - SUBJECT ADDED ENTRY--TOPICAL TERM
Topical term or geographic name entry element Race relations
Form subdivision Fiction.
651 #0 - SUBJECT ADDED ENTRY--GEOGRAPHIC NAME
Geographic name Southern States
Form subdivision Fiction.
651 #0 - SUBJECT ADDED ENTRY--GEOGRAPHIC NAME
Geographic name Alabama
Form subdivision Fiction.
942 ## - ADDED ENTRY ELEMENTS (KOHA)
Source of classification or shelving scheme
Koha item type Books - Fiction
Holdings
Withdrawn status Lost status Source of classification or shelving scheme Damaged status Not for loan Collection code Permanent Location Current Location Shelving location Date acquired Full call number Barcode Date last seen Price effective from Koha item type
          Fiction KH8 Senior School Library KH8 Senior School Library Fiction 2021-10-08 FIC LEE 3KHSL000101840 2024-07-17 2021-10-08 Books - Fiction

Powered By KH8 IT Dept